| 000 | 00967nam0a22002531 4500 | ||
|---|---|---|---|
| 001 | rc\489123 | ||
| 005 | 20030616171407.3 | ||
| 035 | _a(NLR Aleph) 005731228 | ||
| 090 |
_a7581082 _c7581082 |
||
| 100 | _a20030616d1988 u |0rusy50 ca | ||
| 101 | 0 | _arus | |
| 102 | _aRU | ||
| 105 | _aa ||||||||| | ||
| 200 | 1 |
_aВибрация, шум и здоровье человека _eСб. науч. тр. _fЛенингр. сан.-гигиен. мед. ин-т _gПод ред. Р.С. Орлова, В.Г. Артамоновой |
|
| 210 |
_aЛ. _cЛСГМИ _d1988 |
||
| 215 |
_a151 с. _cил. _d22 |
||
| 320 | _aБиблиогр.: с. 140-143 (108 назв.) | ||
| 702 | 1 |
_aОрлов _bР. С. _gРатмир Сергеевич _4340 |
|
| 712 | 0 | 2 |
_aЛенинградский санитарно-гигиенический мед. ин-т _3RU\NLR\AUTH\8816156 |
| 801 | 0 |
_aRU _bNLR _gpsbo |
|
| 801 | 1 |
_aRU _bELAR _2rusmarc |
|
| 852 |
_aNLR _j88-5/3812 |
||
| 942 | _cBOOK | ||
| 980 | _aNB | ||